Регионална библиотека "Любен Каравелов" - Русе

Столетникът (Запис номер 483387)

MARC детайли
000 -Лидер
Контролно поле с фиксирана дължина nam a22 a 4500
003 - Код на организацията, давaща контролен номер
Контролно поле BLK
005 - Дата и час на последна редакция
Контролно поле 20221201161734.0
008 - Елементи от данни с фиксирана дължина
fixed length control field 221201b bu |||||r|||| 00| | bu d
040 ## - Източник на каталожния запис
Идентификатор на билиотеката - собственик на записа BLK
041 ## - Код за език
Код за езика на текст/звукозапис или на отделно заглавие Български
Код за езика КДБФ Български
080 ## - УДК
Текстов определител УДК Комунистически партии. Вж и 327.323
УДК код - определител по УДК 329.15
УДК определител (497.2)(092)
УДК - код + определител 329.15(497.2)(092)
080 ## - УДК
Текстов определител УДК Бълг. комунист
УДК код - определител по УДК 929 Милев, Йордан
УДК - код + определител 929 Милев, Йордан
139 ## - Редно поле
Редна дума Столетникът
245 ## - Сведения за заглавието
Заглавие Столетникът
Подзаглавни данни Докум. публицист. кн. за Йордан Милев - най-стария комунист на планетата
Редно поле (дума) състав. и ред. Радко Трифонов
260 ## - Област на издателските данни
9 (RLIN) 210729
Място на издаване, разпространение и проч. София
Име на издателя, разпространителя и проч. Профиздат
Година на издаване 1980
Издателство - префикс ISBN 954-05-
300 ## - Физическа характеристика
Страници 232 с.
Илюстрации и др. 8 л. ил., факс.
Размери/Мащаб 22см
380 ## - Жанр
Жанр Обществени науки
650 #0 - Допълнително описание по предмет – тема
9 (RLIN) 242529
Основно описание – тема или топоним БКП - дейци
653 #7 - Ключова дума – ненормативна
9 (RLIN) 182091
Ключова дума БКП
653 #7 - Ключова дума – ненормативна
9 (RLIN) 188984
Ключова дума комунисти
700 ## - Други автори (авторска отговорност)
9 (RLIN) 1529
Лично име Трифонов, Радко
Автороска отговорност (Описва отношението между автора и произведението) състав. и ред.
852 ## - Местоположение
Форматна сигнатура Цб 102338
Фондова буква Хранилище
856 ## - Електронен адрес и достъп
Инструкция (цена за достъп) 0.00
Права за достъп disable
999 ## - СИСТЕМНИ КОНТРОЛНИ НОМЕРА
Koha biblionumber 483387
Koha biblioitemnumber 483387
942 ## - АРТИКУЛИ
Вид на библиотечния материал Книги
Скрит в OPAC Не
Периодичен библиозапис Да
944 ## - СЪЗДАВАНЕ И РЕДАКЦИЯ на ЗАПИСА
Създаване/Редакция Създаване
Дата на регистрацията/редакция 2022-12-01
Служител, извършил регистрацията/редакцията Христина Везирева
999 ## - СИСТЕМНИ КОНТРОЛНИ НОМЕРА
Koha biblioitemnumber 483387
Наличности
Код за отписване Код за изгубен артикул Източник на класификационната схема Код за повреда Коз за рестрикции Код за отдаване Артикулен № Име на библиотеката - собственик Име на библиотеката, в която се намира в момента Статус (Текущо местоположение) Дата на вписване в системата Местоположение - отдел Цена в лева Инвентарен номер Систематично азбучна сигнатура Баркод Цена в евро Служебен тип на артикула
  Не е изгубен Universal Decimal Classification Не е повреден само за читалня ползва се в читалня 915944 Регионална библиотека "Любен Каравелов" Русе Регионална библиотека "Любен Каравелов" Русе Хранилище 2022-12-07 Хранилище 0.93 299804 Цб 102338 120000299804 0.48 Книги
Vip Innovations Ltd, Rousse, Bulgaria 2025